000 00866nam a2200229Ia 4500
999 _c40786
_d40786
001 7425
003 GE_BSU
005 20231204131613.0
008 181216s1976||||ge |||||||||||||| ||geo||
040 _cGE_BSU
041 _ageo
080 _a821.353.1-1 დ-15
100 _aდავითაძე, ემენ
_93500
245 _aთეთრი მიხაკები ; მოკვეთილი :
_bლექსები ; პოემა /
_cემენ დავითაძე ; რედ. ლეილა ბეჟანიძე.
264 _aბათუმი :
_bსაბჭ.აჭარა :
_c1976.
300 _a121 გვ. ;
_bფოტო.
_c14 სმ.
653 _aთეთრი მიხაკები
653 _aმოკვეთილი
653 _aლექსები
653 _aპოემა
942 _cBK
_2udc